Представление документа в формате RUSMARC

ПолеНазваниеЗначение
  Тип записи a
  Библиографический уровень m
001 Контрольный номер 2b856fb7514a4ebea29454678af4c48d
005 Дата корректировки 20160720111023.5
010 Индекс ISBN __
a ISBN 978-5-406-04487
101 Язык документа 0_
a Язык текста rus
102 Страна публикации __
a Страна публикации RU
200 Заглавие и сведения об ответственности 1_
a Заглавие Маркетинговые инновации
b Общее обозначение материала Текст
e Сведения, относящиеся к заглавию учеб. пособие
f Первые сведения об ответственности Н. В. Рычкова
210 Выходные данные 1_
a Место издания Москва
c Издательство КноРус
d Дата издания 2016
215 Физическое описание __
a Объем 226 с.
610 Ключевые слова 0_
a Ключевые слова маркетинг
a Ключевые слова инновации
a Ключевые слова товарный ассортимент
a Ключевые слова новый продукт
a Ключевые слова учебное пособие
686 Индексы других классификаций __
a Классификационный индекс 65.050.9(2)24я73
700 Автор _1
a Фамилия Рычкова
b Имя Н. В.
801 Источник записи _0
a Страна RU
b Организация РУК
g Правила каталогизации PSBO
801 Источник записи _1
a Страна RU
b Организация РУК
g Правила каталогизации PSBO
852 Данные о местонахождении __
i Авторский знак Р 93
j Шифр хранения ББК 65.050
901 Тип документа __
t Тип документа m
937 Технологическая информация __
a Создатель записи (имя) Майорова
938 Служебная информация __
a Название организации Головной вуз
952 Тип литературы __
b Гриф литературы для ВШ гриф УМО
c Вид литературы учебное пособие